| 000 | 00794 a2200253 4500 | ||
|---|---|---|---|
| 005 | 20260309144147.0 | ||
| 008 | 260309b |||||||| |||| 00| 0 eng d | ||
| 020 | _a978-1-78064-750-0 | ||
| 037 | _cTB | ||
| 040 |
_aCRL _cCRL |
||
| 041 |
_2eng _aeng |
||
| 084 |
_aY31:(U8) Q7 _qCRL |
||
| 245 |
_aRural tourism and enterprise: _bmanagement, Marketing and sustainability |
||
| 260 |
_aOxford, UK: _bCABI, _c2017. |
||
| 300 | _axxiii, 253p. | ||
| 365 |
_b44.80 _cGBP |
||
| 650 | _aTravel | ||
| 650 | _aGeography | ||
| 650 | _aMarketing | ||
| 700 |
_aOriade, Ade _eEditor, _91131370 |
||
| 700 |
_aRobinson, Peter _eEditor, _9997705 |
||
| 942 |
_cTB _2CC _hY31:(U8) Q7 |
||
| 999 |
_c1678307 _d1678307 |
||